000 00672nas a2200241 4500
001 BR8108339
003 BR-BrBNA
005 20231205084938.0
007 ta
008 230509b bl.|||p| |||| 00| 00por d
040 _aBR-BrBNA
_bpor
_cBiblioteca Nacional de Agricultura
041 _a(Pt)
072 _aL30
100 1 _aVilela, D.
100 1 _aCampos, O.F. de
100 1 _aMatos, L.L. de
245 1 _aProjeto precoce [nutricao animal, bezerro]
650 _aBEZERRO
650 _aPASTEJO
773 0 _tBalde Branco (Brazil)
_xISSN 0005-4275
_g(Sep 1981), v. 17(203) p. 20-22
_wBR8108339
909 _a202311
_bLúcia
_c55
_dLúcia Elande
942 _2AGRIS
_n0
_cANA
999 _c108293
_d108293